College Quizbowl Stats
College Quizbowl Stats
Circuits
Seasons
Sets
Records
Detailed Stats
About
Loading...
2023 BHSU Online
Tossups
Bonuses
Players
Teams
Categories (Tossup)
Categories (Bonus)
Jonathan Settle
Dr. Christopher Manners, MD – Samarra, Iraq
Categories
Category
Powers
Gets
Negs
BBs
Points
Earliest Buzz
Avg. Buzz
First Buzzes
Top 3 Buzzes
Other - Other Academic
1
0
0
0
15
32
32.00
0
1
Science - Other Science
1
0
0
0
15
59
59.00
1
1
Thought - Social Science
1
0
0
0
15
29
29.00
1
1
Science - Chemistry
0
1
0
1
10
119
119.00
0
1
Buzzes
Category
Answer
Value
Buzz Position
Thought - Social Science
core and periphery
15
29
Other - Other Academic
juggling
15
32
Science - Other Science
step size
15
59
Science - Chemistry
periodate
10
119
Previous
1
Next